[Event "Araraquara op 2nd"]
[Site "Araraquara"]
[Date "2024.02.13"]
[Round "7"]
[White "Dezejacomo, Daniel Otavio Silva"]
[Black "Silva, Caio Henrique Angel"]
[Result "0-1"]
[WhiteElo "1754"]
[BlackElo "2073"]
[PlyCount "116"]
[EventDate "2024.02.10"]
[EventType "swiss"]
[EventRounds "7"]
[EventCountry "BRA"]
[SourceTitle "CB09_2024"]
[SourceDate "2024.02.28"]
[SourceVersion "1"]
[SourceVersionDate "2024.02.28"]
[SourceQuality "1"]

1. e4 c6 2. d4 d5 3. exd5 cxd5 4. Bd3 Nc6 5. c3 Nf6 6. Bf4 Bg4 7. Qb3 Qd7 8. Nd2 e6 9. Ngf3 Bxf3 10. Nxf3 Bd6 11. Bxd6 Qxd6 12. 0-0 Qc7 13. Rae1 0-0 14. Ne5 Nxe5 15. dxe5 Nd7 16. Qd1 g6 17. Qe2 Rab8 18. h4 Nc5 19. Bb1 b5 20. h5 b4 21. Qd2 bxc3 22. Qxc3 Qe7 23. b3 Rfd8 24. Rc1 Nd7 25. Qd4 Nb6 26. Bd3 Rbc8 27. g3 Qg5 28. Rxc8 Rxc8 29. Kg2 Qxh5 30. f4 Qg4 31. a4 Nd7 32. b4 h5 33. Qf2 h4 34. Qf3 Qxg3+ 35. Qxg3 hxg3 36. Rf3 Kf8 37. Kxg3 Ke7 38. Bf1 Rc1 39. Kf2 Rb1 40. b5 Ra1 41. Rc3 Rxa4 42. Rc8 Ra3 43. Be2 Nb6 44. Rc7+ Kf8 45. Ke1 d4 46. Bf1 Nd5 47. Rd7 Ke8 48. Rd6 Ke7 49. Bc4 Nb6 50. Be2 Ra4 51. Bf3 Ra3 52. Be2 Ra4 53. Bf3 d3 54. Rxd3 Rxf4 55. Ra3 Ra4 56. Rc3 Rc4 57. Ra3 Rc7 58. Be2 Nd7 0-1

[Event "Araraquara op 2nd"]
[Site "Araraquara"]
[Date "2024.02.11"]
[Round "3"]
[White "Matsuura, Everaldo"]
[Black "Silva, Caio Henrique Angel"]
[Result "1-0"]
[WhiteElo "2395"]
[BlackElo "2073"]
[PlyCount "45"]
[EventDate "2024.02.10"]
[EventType "swiss"]
[EventRounds "7"]
[EventCountry "BRA"]
[SourceTitle "CB09_2024"]
[SourceDate "2024.02.28"]
[SourceVersion "1"]
[SourceVersionDate "2024.02.28"]
[SourceQuality "1"]

1. d4 Nf6 2. c4 g6 3. f3 c5 4. d5 d6 5. e4 Bg7 6. Nc3 e6 7. Bg5 exd5 8. cxd5 0-0 9. Qd2 a6 10. a4 Nbd7 11. Nh3 Qa5 12. Nf2 b5 13. Be2 Nb6 14. 0-0 b4 15. Ncd1 Re8 16. Bf4 Bf8 17. Ne3 Nh5 18. Bg5 f6 19. Bh4 Bh6 20. Kh1 g5 21. Neg4 Bxg4 22. Nxg4 Bg7 23. Bf2 1-0

[Event "Araraquara op 2nd"]
[Site "Araraquara"]
[Date "2024.02.11"]
[Round "4"]
[White "Silva, Caio Henrique Angel"]
[Black "Moreira, Alexandre Augusto"]
[Result "0-1"]
[WhiteElo "2073"]
[BlackElo "1783"]
[PlyCount "106"]
[EventDate "2024.02.10"]
[EventType "swiss"]
[EventRounds "7"]
[EventCountry "BRA"]
[SourceTitle "CB09_2024"]
[SourceDate "2024.02.28"]
[SourceVersion "1"]
[SourceVersionDate "2024.02.28"]
[SourceQuality "1"]

1. d4 Nf6 2. c4 g6 3. Nc3 Bg7 4. e4 d6 5. Nf3 0-0 6. h3 e5 7. d5 a5 8. Be3 h6 9. Be2 Na6 10. a3 Nd7 11. g4 Nac5 12. Qc2 a4 13. Nd2 c6 14. h4 Kh7 15. h5 g5 16. Kf1 Qa5 17. Kg2 Bf6 18. Rhg1 Bd8 19. b4 axb3 20. Nxb3 Nxb3 21. Qxb3 c5 22. Nb5 Be7 23. Qc2 Qd8 24. a4 Nf6 25. f3 Qd7 26. Kf2 Kg7 27. Bd2 Kh7 28. Nc3 Bd8 29. Nb5 Be7 30. Qb2 Ne8 31. a5 Ra6 32. Nc3 Bd8 33. Na4 Nf6 34. Nb6 Bxb6 35. axb6 Rxa1 36. Qxa1 Rg8 37. Be3 Qe7 38. Qa7 Kh8 39. Ra1 Kh7 40. Qa5 Kh8 41. Qb5 Qd7 42. Qb2 Qe7 43. Ra7 Nxh5 44. gxh5 g4 45. Ke1 Qh4+ 46. Kd2 Qh2 47. Kc3 gxf3 48. Bxf3 Qh3 49. Qf2 Rg3 50. Be2 Rxe3+ 51. Kd2 Rb3 52. Ke1 Qc3+ 53. Kf1 Rb1+ 0-1

[Event "Titled Tuesday intern op 16th Jan Early"]
[Site "Chess.com INT"]
[Date "2024.01.16"]
[Round "4"]
[White "Csonka, Balazs"]
[Black "Silva, Caio Henrique Angel"]
[Result "1-0"]
[WhiteElo "2479"]
[BlackElo "2074"]
[PlyCount "47"]
[EventDate "2024.01.16"]
[EventType "swiss (blitz)"]
[EventRounds "11"]
[EventCountry "USA"]
[SourceTitle "CB04_2024"]
[SourceDate "2023.10.16"]
[SourceVersion "1"]
[SourceVersionDate "2023.10.16"]
[SourceQuality "1"]

1. e4 c6 2. Nf3 d5 3. exd5 cxd5 4. Ne5 Nc6 5. d4 Nf6 6. Bb5 Bd7 7. Nxd7 Qxd7 8. c3 a6 9. Bd3 e6 10. 0-0 h6 11. Nd2 Bd6 12. Re1 0-0 13. Nf3 Qc7 14. Qe2 b5 15. a3 Na5 16. Rb1 Nc4 17. Ne5 Rab8 18. Bf4 a5 19. Qf3 Nd7 20. Qg3 Kh8 21. Bxc4 bxc4 22. Nxf7+ Rxf7 23. Bxd6 Qc6 24. Bxb8 1-0

[Event "Niteroi op 3rd"]
[Site "Niteroi"]
[Date "2023.09.05"]
[Round "3"]
[White "Do Valle Cardoso, Lucas"]
[Black "Silva, Caio Henrique Angel"]
[Result "1-0"]
[WhiteElo "2303"]
[BlackElo "2108"]
[PlyCount "91"]
[EventDate "2023.09.04"]
[EventType "swiss"]
[EventRounds "9"]
[EventCountry "BRA"]
[SourceTitle "EXT 2024"]
[Source "ChessBase"]
[SourceDate "2023.10.10"]
[SourceVersion "1"]
[SourceVersionDate "2023.10.10"]
[SourceQuality "1"]

1. e4 c6 2. d4 d5 3. Nc3 dxe4 4. Nxe4 Bf5 5. Ng3 Bg6 6. h4 h6 7. h5 Bh7 8. Nf3 Nd7 9. Bd3 Bxd3 10. Qxd3 e6 11. Bd2 Ngf6 12. 0-0-0 Be7 13. Kb1 0-0 14. Ne4 Nxe4 15. Qxe4 Nf6 16. Qe2 Qd5 17. Ne5 Qe4 18. Qxe4 Nxe4 19. Be3 Rfd8 20. Nd3 b6 21. c3 c5 22. dxc5 Nxc5 23. Nxc5 Bxc5 24. Bxc5 bxc5 25. Kc2 Kf8 26. Rxd8+ Rxd8 27. Rh4 Ke7 28. Ra4 Rd7 29. Ra6 Kf6 30. Ra5 Rc7 31. b3 Ke5 32. Kd3 Kd5 33. Ra6 c4+ 34. bxc4+ Kc5 35. Ra5+ Kb6 36. Rb5+ Kc6 37. a4 Rd7+ 38. Kc2 Rd8 39. a5 Rd7 40. Rb8 Re7 41. Kb3 Rb7+ 42. Rxb7 Kxb7 43. Kb4 Kc6 44. a6 Kb6 45. g4 g6 46. g5 1-0

[Event "Titled Tuesday intern op 04th Jul Late"]
[Site "Chess.com INT"]
[Date "2023.07.04"]
[Round "3"]
[White "Gulamirian, Korun"]
[Black "Silva, Caio Henrique Angel"]
[Result "0-1"]
[WhiteElo "1816"]
[BlackElo "2165"]
[PlyCount "102"]
[EventDate "2023.07.04"]
[EventType "swiss (blitz)"]
[EventRounds "11"]
[EventCountry "USA"]
[SourceTitle "EXT 2024"]
[Source "ChessBase"]
[SourceDate "2023.10.10"]
[SourceVersion "1"]
[SourceVersionDate "2023.10.10"]
[SourceQuality "1"]

1. e4 c6 2. Nc3 d5 3. Nf3 Bg4 4. h3 Bxf3 5. Qxf3 e6 6. exd5 cxd5 7. Bb5+ Nc6 8. 0-0 Nf6 9. Re1 Be7 10. d3 0-0 11. a3 Nd4 12. Qd1 a6 13. Ba4 b5 14. Bb3 Nxb3 15. cxb3 Rc8 16. Bf4 Bd6 17. Be5 Bxe5 18. Rxe5 Nd7 19. Re1 Qf6 20. Qd2 Ne5 21. f4 Nc6 22. Ne2 Rc7 23. Rac1 Rfc8 24. Rc5 Nd4 25. Rxc7 Nxe2+ 26. Rxe2 Qd4+ 27. Qe3 Qxe3+ 28. Rxe3 Rxc7 29. Kf2 Kf8 30. Re2 Ke7 31. d4 Kd6 32. Ke3 Rc1 33. Kd3 Rf1 34. g3 Rg1 35. g4 f6 36. Rf2 Rg3+ 37. Kc2 Rxh3 38. f5 Rg3 39. Re2 e5 40. dxe5+ fxe5 41. Rh2 Rxg4 42. Rxh7 Kc5 43. Rh8 Kd4 44. Rg8 Rg2+ 45. Kb1 Rf2 46. Rxg7 Rxf5 47. Rg6 Rf1+ 48. Kc2 Rf2+ 49. Kc1 e4 50. Rxa6 Kd3 51. a4 Rf1# 0-1

[Event "Titled Tuesday intern op 27th Jun Early"]
[Site "Chess.com INT"]
[Date "2023.06.27"]
[Round "5"]
[White "Gavrilin, Roman"]
[Black "Silva, Caio Henrique Angel"]
[Result "1-0"]
[WhiteElo "2128"]
[BlackElo "2165"]
[PlyCount "43"]
[EventDate "2023.06.27"]
[EventType "swiss (blitz)"]
[EventRounds "11"]
[EventCountry "USA"]
[SourceTitle "EXT 2024"]
[Source "ChessBase"]
[SourceDate "2023.10.10"]
[SourceVersion "1"]
[SourceVersionDate "2023.10.10"]
[SourceQuality "1"]

1. e4 c6 2. d4 d5 3. Nc3 dxe4 4. Nxe4 Nf6 5. Nxf6+ exf6 6. c3 Bd6 7. Bd3 0-0 8. Ne2 Re8 9. 0-0 Qc7 10. Ng3 Nd7 11. Qf3 Nf8 12. Bd2 Ng6 13. Rfe1 Bd7 14. Qh5 Rxe1+ 15. Rxe1 Re8 16. Rxe8+ Bxe8 17. Nf5 Bf8 18. h4 Bd7 19. Qf3 Ne7 20. Nxe7+ Bxe7 21. Qe4 Qd6 22. Qxh7+ 1-0

[Event "Caioba op 7th"]
[Site "Caioba"]
[Date "2023.06.19"]
[Round "2"]
[White "Loss, Victor Pinheiro Cos"]
[Black "Silva, Caio Henrique Angel"]
[Result "0-1"]
[WhiteElo "1457"]
[BlackElo "2165"]
[PlyCount "58"]
[EventDate "2023.06.18"]
[EventType "swiss"]
[EventRounds "9"]
[EventCountry "BRA"]
[SourceTitle "CBM 214 Extra"]
[Source "ChessBase"]
[SourceDate "2023.07.31"]
[SourceVersion "1"]
[SourceVersionDate "2023.07.31"]
[SourceQuality "1"]

1. e4 c6 2. d4 d5 3. f3 Qb6 4. Nc3 dxe4 5. fxe4 e5 6. Nf3 exd4 7. Qxd4 Nd7 8. Qxb6 axb6 9. Be3 Ngf6 10. Bc4 Bb4 11. 0-0 0-0 12. e5 Ng4 13. Bf4 b5 14. Bb3 Bc5+ 15. Kh1 Nf2+ 16. Rxf2 Bxf2 17. Ne4 Bb6 18. Nd6 Nc5 19. a3 Nxb3 20. cxb3 h6 21. Rc1 Rd8 22. h4 Rb8 23. Nd2 Be6 24. b4 Bd5 25. Nb1 f6 26. Nf5 Bc7 27. Ne7+ Kh7 28. Nxd5 Rxd5 29. Nc3 Rd4 0-1

[Event "Rio de Janeiro op 2nd"]
[Site "Rio de Janeiro"]
[Date "2023.05.07"]
[Round "9"]
[White "Silva, Caio Henrique Angel"]
[Black "Rodi, Luis Ernesto"]
[Result "0-1"]
[WhiteElo "2129"]
[BlackElo "2285"]
[PlyCount "66"]
[EventDate "2023.05.02"]
[EventType "swiss"]
[EventRounds "9"]
[EventCountry "BRA"]
[SourceTitle "CBM 214 Extra"]
[Source "ChessBase"]
[SourceDate "2023.07.31"]
[SourceVersion "1"]
[SourceVersionDate "2023.07.31"]
[SourceQuality "1"]

1. d4 Nf6 2. Nf3 d5 3. g3 c6 4. Bg2 Bg4 5. c4 e6 6. Nc3 Nbd7 7. Qb3 Qb6 8. c5 Qa6 9. 0-0 b6 10. cxb6 axb6 11. Bf4 Be7 12. Rfc1 0-0 13. a4 Rfc8 14. h3 Bf5 15. Nd2 Qa5 16. e4 Bg6 17. g4 Bb4 18. e5 Ne8 19. Qd1 c5 20. Nb5 Qa6 21. Bf1 Qb7 22. h4 h6 23. h5 Bh7 24. Qf3 cxd4 25. Rxc8 Qxc8 26. Nb3 Qc2 27. N3xd4 Qxb2 28. Qd1 Bc5 29. Bg3 Be4 30. Kh2 f6 31. exf6 Nexf6 32. Bh3 Rf8 33. Qc1 Bxd4 0-1

[Event "Titled Tuesday intern op 18th Apr Late"]
[Site "Chess.com INT"]
[Date "2023.04.18"]
[Round "6"]
[White "Winkels, Marcel"]
[Black "Silva, Caio Henrique Angel"]
[Result "0-1"]
[WhiteElo "1962"]
[BlackElo "2129"]
[PlyCount "52"]
[EventDate "2023.04.18"]
[EventType "swiss (blitz)"]
[EventRounds "11"]
[EventCountry "USA"]
[SourceTitle "EXT 2024"]
[Source "ChessBase"]
[SourceDate "2023.10.10"]
[SourceVersion "1"]
[SourceVersionDate "2023.10.10"]
[SourceQuality "1"]

1. d4 Nf6 2. Nc3 d5 3. Bf4 a6 4. e3 Bf5 5. Nf3 e6 6. Bd3 Bg6 7. h4 c5 8. Ne5 Nc6 9. Bg5 Be7 10. Nxg6 hxg6 11. Be2 cxd4 12. exd4 Qb6 13. Be3 Qxb2 14. Na4 Qa3 15. c3 b5 16. Nc5 Bxc5 17. dxc5 Ne4 18. 0-0 Nxc3 19. Qd2 Ne4 20. Qc2 Qc3 21. Qd1 Qe5 22. Rc1 Rxh4 23. f4 Rh1+ 24. Kxh1 Ng3+ 25. Kg1 Qxe3+ 26. Rf2 Nxe2+ 0-1

[Event "Titled Tuesday intern op 11th Apr Late"]
[Site "Chess.com INT"]
[Date "2023.04.11"]
[Round "5"]
[White "Rose, Felix"]
[Black "Silva, Caio Henrique Angel"]
[Result "0-1"]
[WhiteElo "2091"]
[BlackElo "2129"]
[PlyCount "56"]
[EventDate "2023.04.11"]
[EventType "swiss (blitz)"]
[EventRounds "11"]
[EventCountry "USA"]
[SourceTitle "CBM 213 Extra"]
[Source "ChessBase"]
[SourceDate "2023.05.31"]
[SourceVersion "1"]
[SourceVersionDate "2023.05.31"]
[SourceQuality "1"]

1. e4 c6 2. d4 d5 3. e5 c5 4. dxc5 e6 5. a3 Bxc5 6. Nf3 Ne7 7. Bd3 Nbc6 8. b4 Bb6 9. Bb2 Ng6 10. 0-0 0-0 11. Re1 Bd7 12. Nbd2 a5 13. b5 Nce7 14. a4 Rc8 15. c4 Bc5 16. cxd5 Nxd5 17. Ne4 Bb4 18. Rf1 Nc3 19. Nxc3 Bxc3 20. Bxc3 Rxc3 21. Bxg6 hxg6 22. Qd2 Qc7 23. Rfd1 Rd8 24. Ng5 Qxe5 25. Re1 Qc7 26. Rad1 Rc5 27. Qe3 b6 28. Qg3 Qxg3 0-1

[Event "Titled Tuesday intern op 11th Apr Late"]
[Site "Chess.com INT"]
[Date "2023.04.11"]
[Round "1"]
[White "Sadhwani, Raunak"]
[Black "Silva, Caio Henrique Angel"]
[Result "1-0"]
[WhiteElo "2627"]
[BlackElo "2129"]
[PlyCount "57"]
[EventDate "2023.04.11"]
[EventType "swiss (blitz)"]
[EventRounds "11"]
[EventCountry "USA"]
[SourceTitle "CBM 213 Extra"]
[Source "ChessBase"]
[SourceDate "2023.05.31"]
[SourceVersion "1"]
[SourceVersionDate "2023.05.31"]
[SourceQuality "1"]

1. Nf3 Nf6 2. b3 g6 3. Bb2 Bg7 4. g3 0-0 5. Bg2 b6 6. 0-0 Bb7 7. c4 c5 8. d4 cxd4 9. Qxd4 Nc6 10. Qh4 d6 11. Nc3 a6 12. Rfd1 Qc7 13. Rac1 Rac8 14. Nd5 Qd8 15. Nxf6+ exf6 16. Rd2 Qe7 17. Rcd1 Rfd8 18. Ba3 Qe6 19. Nd4 Nxd4 20. Bxb7 Rb8 21. Bd5 Nf5 22. Bxe6 Nxh4 23. Bh3 Nf5 24. Bxf5 gxf5 25. Bxd6 Rb7 26. Rd5 Rbd7 27. Bc7 Rxd5 28. Rxd5 Rd7 29. Rxd7 1-0

[Event "Titled Tuesday intern op 11th Apr Late"]
[Site "Chess.com INT"]
[Date "2023.04.11"]
[Round "3"]
[White "Silva, Caio Henrique Angel"]
[Black "Firouzja, Alireza"]
[Result "0-1"]
[WhiteElo "2129"]
[BlackElo "2785"]
[PlyCount "86"]
[EventDate "2023.04.11"]
[EventType "swiss (blitz)"]
[EventRounds "11"]
[EventCountry "USA"]
[SourceTitle "CBM 213 Extra"]
[Source "ChessBase"]
[SourceDate "2023.05.31"]
[SourceVersion "1"]
[SourceVersionDate "2023.05.31"]
[SourceQuality "1"]

1. Nf3 Nf6 2. g3 g6 3. b3 Bg7 4. Bb2 d6 5. d4 0-0 6. Bg2 Nbd7 7. 0-0 c6 8. c4 Re8 9. Nc3 e5 10. dxe5 dxe5 11. e4 Qc7 12. Qc2 Nf8 13. Rad1 Bg4 14. h3 Bxf3 15. Bxf3 Ne6 16. Ne2 h5 17. c5 a5 18. a3 Nh7 19. Bg2 h4 20. Qc4 Qe7 21. b4 axb4 22. axb4 Rad8 23. f4 Rxd1 24. Rxd1 hxg3 25. f5 Nf4 26. Nxg3 Kh8 27. fxg6 fxg6 28. Ne2 Ng5 29. Nxf4 exf4 30. Bxg7+ Kxg7 31. Qd4+ Kh6 32. e5 f3 33. Qh4+ Kg7 34. Qg4 Qxe5 35. Rd7+ Kg8 36. Bf1 Qe3+ 37. Kh1 Qc1 38. Qc4+ Qxc4 39. Bxc4+ Kh8 40. Rxb7 Re4 41. Bd3 Rd4 42. Bxg6 Rd1+ 43. Kh2 f2 0-1

[Event "Titled Tuesday intern op 11th Apr Late"]
[Site "Chess.com INT"]
[Date "2023.04.11"]
[Round "6"]
[White "Silva, Caio Henrique Angel"]
[Black "Seletsky, Grigory"]
[Result "1-0"]
[WhiteElo "2129"]
[BlackElo "2262"]
[PlyCount "69"]
[EventDate "2023.04.11"]
[EventType "swiss (blitz)"]
[EventRounds "11"]
[EventCountry "USA"]
[SourceTitle "CBM 213 Extra"]
[Source "ChessBase"]
[SourceDate "2023.05.31"]
[SourceVersion "1"]
[SourceVersionDate "2023.05.31"]
[SourceQuality "1"]

1. Nf3 c5 2. g3 Nc6 3. d4 cxd4 4. Nxd4 d5 5. Bg2 e5 6. Nxc6 bxc6 7. c4 Be6 8. Qa4 Qd7 9. Nc3 Ne7 10. cxd5 cxd5 11. Qxd7+ Kxd7 12. 0-0 Rd8 13. Rd1 Kc8 14. f4 d4 15. Ne4 f6 16. fxe5 fxe5 17. Bg5 h6 18. Rac1+ Kb8 19. Nc5 Bc8 20. Rd3 Rd6 21. Bd2 Rb6 22. b4 Nf5 23. a4 Be7 24. b5 Ne3 25. Bc6 Bxc5 26. Rxc5 Rf8 27. Bxe3 Bh3 28. Bf2 a6 29. a5 Rxb5 30. Bxb5 axb5 31. Rxb5+ Kc7 32. Rxe5 Kd6 33. Re4 Kd5 34. Rexd4+ Ke5 35. Ra4 1-0

[Event "Titled Tuesday intern op 04th Apr Late"]
[Site "Chess.com INT"]
[Date "2023.04.04"]
[Round "4"]
[White "Goroshkov, Maksym"]
[Black "Silva, Caio Henrique Angel"]
[Result "1-0"]
[WhiteElo "2287"]
[BlackElo "2129"]
[PlyCount "103"]
[EventDate "2023.04.04"]
[EventType "swiss (blitz)"]
[EventRounds "11"]
[EventCountry "USA"]
[SourceTitle "EXT 2024"]
[Source "ChessBase"]
[SourceDate "2023.10.10"]
[SourceVersion "1"]
[SourceVersionDate "2023.10.10"]
[SourceQuality "1"]

1. e4 c6 2. d4 d5 3. Nd2 dxe4 4. Nxe4 Nf6 5. Nxf6+ exf6 6. c3 Bd6 7. Bd3 0-0 8. Nf3 Re8+ 9. Be3 Nd7 10. 0-0 Nf8 11. g3 Qc7 12. Re1 Bg4 13. Bf1 h5 14. h3 Bf5 15. Bg2 Be4 16. Nh4 Bxg2 17. Kxg2 Qd7 18. Qxh5 Re4 19. Qf5 Qe7 20. Bd2 Rxe1 21. Rxe1 Qc7 22. Qg4 Ne6 23. Nf5 Kf8 24. c4 Rd8 25. d5 cxd5 26. cxd5 Ng5 27. Bxg5 fxg5 28. Qxg5 f6 29. Qh5 Kg8 30. Re8+ Rxe8 31. Qxe8+ Kh7 32. Qe4 Kh8 33. Qe6 Be5 34. h4 Qc2 35. Qe8+ Kh7 36. Qh5+ Kg8 37. Ne7+ Kf8 38. Ng6+ Kg8 39. Nxe5 fxe5 40. Qe8+ Kh7 41. Qxe5 Qd3 42. d6 Kh8 43. Qe8+ Kh7 44. d7 Qd5+ 45. Kh2 Qf3 46. Kg1 Qd1+ 47. Kg2 Qd5+ 48. f3 Qd2+ 49. Kh3 Qd1 50. d8Q Qxf3 51. Qg8+ Kh6 52. Qg5# 1-0

[Event "Titled Tuesday intern op 21st Mar Early"]
[Site "Chess.com INT"]
[Date "2023.03.21"]
[Round "1"]
[White "Vaishali, Ramesh Babu"]
[Black "Silva, Caio Henrique Angel"]
[Result "1/2-1/2"]
[WhiteElo "2433"]
[BlackElo "2129"]
[PlyCount "126"]
[EventDate "2023.03.21"]
[EventType "swiss (blitz)"]
[EventRounds "11"]
[EventCountry "USA"]
[SourceTitle "EXT 2024"]
[Source "ChessBase"]
[SourceDate "2023.10.10"]
[SourceVersion "1"]
[SourceVersionDate "2023.10.10"]
[SourceQuality "1"]

1. d4 Nf6 2. Nf3 g6 3. Nc3 d5 4. Bf4 a6 5. e3 Bg7 6. Ne5 c5 7. h4 Nc6 8. Be2 cxd4 9. exd4 Qb6 10. Nxc6 bxc6 11. Na4 Qa5+ 12. c3 h5 13. Nc5 0-0 14. a4 Re8 15. Be5 Qd8 16. 0-0 Nd7 17. Nxd7 Bxd7 18. Bxg7 Kxg7 19. Bf3 Rb8 20. Qd2 e5 21. dxe5 Rxe5 22. g3 Qf6 23. Bg2 Ree8 24. a5 Bf5 25. Rae1 Qd8 26. Qd4+ Kg8 27. b4 Qd7 28. Qd2 Rbd8 29. Rxe8+ Rxe8 30. Re1 Rxe1+ 31. Qxe1 Qd6 32. Qe3 Be6 33. Qb6 Qe5 34. Qxc6 Qe1+ 35. Kh2 Qxf2 36. b5 axb5 37. a6 Kh7 38. Qb7 Bg4 39. a7 Kg7 40. a8Q Bf3 41. Qxf7+ Kxf7 42. Qb7+ Kf8 43. Qb8+ Kg7 44. Qe5+ Kg8 45. Qb8+ Kh7 46. Qc7+ Kh8 47. Qc8+ Kh7 48. Qd7+ Kh8 49. Qe8+ Kg7 50. Qe5+ Kg8 51. Qe6+ Kg7 52. Qd7+ Kg8 53. Qe8+ Kg7 54. Qe7+ Kg8 55. Qd8+ Kg7 56. Qc7+ Kg8 57. Qb8+ Kg7 58. Qb7+ Kg8 59. Qc8+ Kg7 60. Qd7+ Kg8 61. Qd8+ Kg7 62. Qe7+ Kg8 63. Qe8+ Kg7 1/2-1/2

[Event "Titled Tuesday intern op 14th Mar Early"]
[Site "Chess.com INT"]
[Date "2023.03.14"]
[Round "3"]
[White "Silva, Caio Henrique Angel"]
[Black "Chakravarthi, Reddy M"]
[Result "0-1"]
[WhiteElo "2129"]
[BlackElo "2278"]
[PlyCount "74"]
[EventDate "2023.03.14"]
[EventType "swiss (blitz)"]
[EventRounds "11"]
[EventCountry "USA"]
[SourceTitle "EXT 2024"]
[Source "ChessBase"]
[SourceDate "2023.10.10"]
[SourceVersion "1"]
[SourceVersionDate "2023.10.10"]
[SourceQuality "1"]

1. d4 d5 2. Nf3 Nf6 3. g3 c5 4. Bg2 cxd4 5. 0-0 h6 6. b3 Nc6 7. Bb2 e5 8. c3 dxc3 9. Nxc3 Be7 10. Rc1 0-0 11. Na4 e4 12. Nd4 Nxd4 13. Qxd4 b6 14. Rfd1 Bb7 15. Nc3 Re8 16. e3 Bd6 17. Nb5 Be5 18. Qd2 Bxb2 19. Qxb2 Re7 20. Nd4 Rc8 21. Bh3 Rxc1 22. Rxc1 Rc7 23. Rd1 a6 24. Bf1 Ng4 25. Bh3 Ne5 26. Bg2 Nd3 27. Qa1 Qf6 28. f3 Qg5 29. f4 Qf6 30. Bf1 Nb4 31. Rc1 Qd8 32. Nf5 Rxc1 33. Qxc1 Qc8 34. Qb2 Qxf5 35. Qc3 Nc6 36. b4 d4 37. exd4 Qd5 0-1